Normal view
MARC view
Entry Topical Term
001 - CONTROL NUMBER
- control field: 14634
003 - CONTROL NUMBER IDENTIFIER
- control field: ARRUPE
005 - DATE AND TIME OF LATEST TRANSACTION
- control field: 20150126161503.0
008 - FIXED-LENGTH DATA ELEMENTS
- fixed length control field: 150126|| aca||aabn | a|a d
040 ## - CATALOGING SOURCE
- Original cataloging agency: ARRUPE
- Transcribing agency: ARRUPE
150 ## - HEADING--TOPICAL TERM
- Topical term or geographic name as entry element: Memory disorders
- General subdivision: Prevention.
670 ## - SOURCE DATA FOUND
- Source citation: Work cat.: (ARRUPE)0: Perlmutter, David, 1954- 14633, The better brain book :, 2004.